000 00721nam a2200217 i 4500
001 13648
003 ES-MaACL
005 20230906150631.0
007 t|
008 970117s1995 sp ||||0| spa j
020 _a84-921088-0-0
040 _aM-BN
_bspa
_cM-BN
080 _a914/916
245 0 0 _aCrucero universitario por el Mediterráneo
_b: verano de 1933 : Madrid, diciembre 1995 - enero 1996.
260 _a[Madrid] :
_bResidencia de Estudiantes,
_c1995.
300 _a94 p. :
_bil. ;
_c24 cm.
500 _aEn la port.: Pabellón Transatlántico.
651 4 _aMediterráneo (Región)-
_xDescripción.
_99044
710 2 _aResidencia de Estudiantes (Madrid)
_96437
852 _aES-MaACL
_jL-21029
_bR.128092
999 _c13648
_d13648